Kvety lesov a lúk / (Record no. 20299)
[ view plain ]
| 000 -LEADER | |
|---|---|
| fixed length control field | 00872nam a22002531 4500 |
| 001 - CONTROL NUMBER | |
| control field | 20299 |
| 003 - CONTROL NUMBER IDENTIFIER | |
| control field | CZ PrNK |
| 005 - DATE AND TIME OF LATEST TRANSACTION | |
| control field | 20260120163951.0 |
| 008 - FIXED-LENGTH DATA ELEMENTS--GENERAL INFORMATION | |
| fixed length control field | 020131s1966 xo slo |
| 040 ## - CATALOGING SOURCE | |
| Original cataloging agency | ABA001 |
| Language of cataloging | cze |
| Transcribing agency | ABA001 |
| Modifying agency | ABA001 |
| 041 1# - LANGUAGE CODE | |
| Language code of text/sound track or separate title | slo |
| Language code of original | hun |
| 100 1# - MAIN ENTRY--PERSONAL NAME | |
| Personal name | Jávorka, Sándor, |
| Dates associated with a name | 1883-1961 |
| Relationship | aut |
| 245 10 - TITLE STATEMENT | |
| Title | Kvety lesov a lúk / |
| Statement of responsibility, etc. | [Autori:] S. Jávorka, J. Futák, V. Csapodyová ; Z maď. orig. Erdő mező virágai prel. Aladár Hlaváček |
| 250 ## - EDITION STATEMENT | |
| Edition statement | 2., dopln. vyd. |
| 260 ## - PUBLICATION, DISTRIBUTION, ETC. | |
| Place of publication, distribution, etc. | Bratislava : |
| Name of publisher, distributor, etc. | Slov. vydav. pôdohosp. lit., |
| Date of publication, distribution, etc. | 1966 |
| 300 ## - PHYSICAL DESCRIPTION | |
| Extent | 256 s. ; |
| Dimensions | 8° |
| 490 1# - SERIES STATEMENT | |
| Series statement | Rastlinná výroba. Knižnica zahrádkára |
| 500 ## - GENERAL NOTE | |
| General note | Barev. obr. příl. |
| 700 1# - ADDED ENTRY--PERSONAL NAME | |
| Personal name | Futák, Ján, |
| Dates associated with a name | 1914-1980 |
| Relationship | aut |
| 700 1# - ADDED ENTRY--PERSONAL NAME | |
| Personal name | Csapody, Vera, |
| Dates associated with a name | 1890-1985 |
| Relationship | aut |
| 830 #0 - SERIES ADDED ENTRY--UNIFORM TITLE | |
| Uniform title | Rastlinná výroba. |
| Name of part/section of a work | Knižnica zahrádkára |
| 910 ## - USER-OPTION DATA (OCLC) | |
| User-option data | ABA001 |
| 942 ## - ADDED ENTRY ELEMENTS (KOHA) | |
| Source of classification or shelving scheme | Dewey Decimal Classification |
| Koha item type | Odborná literatúra pre dospelých |
| Suppress in OPAC | No |
| Stav vyradenia | Strata | Poškodenie | Spôsob nadobudnutia | Domovská knižnica | Aktuálna knižnica | Dátum nadobudnutia | Total checkouts | Čiarový kód exemplára | Date last seen | Typ exemplára |
|---|---|---|---|---|---|---|---|---|---|---|
| Dar | Obecná knižnica Horná Štubňa | Obecná knižnica Horná Štubňa | 20.01.2026 | 4736200332 | 20.01.2026 | Odborná literatúra pre dospelých |
